| 000 | 00502nam a2200193Ia 4500 | ||
|---|---|---|---|
| 008 | 220531s9999 xx 000 0 und d | ||
| 041 | _aeng | ||
| 082 |
_a- _bSHA |
||
| 100 |
_aShanthanaik, N. _969743 |
||
| 245 | _aIntraspection And Retraspection Of Dalit Literature | ||
| 250 | _a1ST | ||
| 260 |
_aNew Delhi _bSarup _c2014 |
||
| 300 | _a199 | ||
| 542 | _d10-04-2015 | ||
| 551 |
_aEnglish _bNon-grant-ENG |
||
| 650 |
_aLiterature _969744 |
||
| 906 |
_d2015-2016 _f7298 |
||
| 999 |
_c39103 _d39103 |
||